SİMYACI (Kayıt no. 1213557)

MARC ayrıntıları
000 -LEADER
sabit uzunluktaki kontrol alanı 00231nam a2200097Ia 4500
001 - KONTROL NUMARASI
kontrol alanı 1213557
005 - EN SON İŞLEMİN TARİH VE ZAMANI
kontrol alanı 20250827024515.0
008 - SABİT-UZUNLUKTA VERİ ÖĞELERİ--GENEL BİLGİ
sabit uzunluktaki kontrol alanı 250824s9999 xx 000 0 und d
245 #0 - ESER / YAZAR
ESER ADI SİMYACI
Yazar Adı PAULO COELHO
260 ## - YAYIN, DAĞITIM, VB.
YAYIN EVİ CAN YAYINLARI
Mevcut
Düşüm durumu Kayıp durumu Hasar Durumu Ödünç verilmez Ana kütüphane Geçerli Kütüphane Edinilen tarih Toplam ödünç verme sayısı Barkod İade tarihi Son görüntüleme tarihi Son ödünç verme tarihi Fiyatın geçerli olmaya başladığı tarih Koha materyal türü
        TOPLUM RUH SAĞLIĞI MERKEZİ KÜTÜPHANESİ TOPLUM RUH SAĞLIĞI MERKEZİ KÜTÜPHANESİ 24.08.2025 1 110356 05.05.2026 20.04.2026 20.04.2026 27.08.2025 Kitaplar
Gemini Bilgi Teknolojileri A.Ş. tarafından düzenlenmiştir.